000 00624 a2200193 4500
999 _c5176
_d5176
010 _aENG-86764
020 _c395.00
_a8175346048
035 _aEN-70297
037 _bDBAD / PUB
082 1 4 _a346.540488
100 _aArora, Manish
245 1 _aUniversal's guide to trade marks law /
_cby Manish Arora
250 _a2nd ed.
260 _aDelhi
_bUniversal Law Publishing
_c2007
270 _aC-FF-1A, Dilkhush Industrial Estate, (Opp. Hans Cinema, Azadpur), G.T. Karnal Road,
_bDelhi
_e110 033
300 _axi, 606p
_c24cm (pbk)
500 _aIncludes index
942 _adpl
_cEN
_2ddc
_h346.540488
_mARO